Famous Figures in Latin American History Quiz Stats

Quiz Updated Dec 1, 2015

Challenge
Share
Tweet
Embed
Score 0/20 Timer 06:00
2 Plays Today
% Correct
Fidel Castro
94.9%
Eva Perón
93.7%
Ernesto 'Che' Guevara
92.7%
Frida Kahlo
90.8%
Hugo Chávez
83.4%
Moctezuma II
79.7%
Pablo Escobar
79.5%
Augusto Pinochet
78.5%
Simón Bolívar
76.4%
Gabriel García Márquez
73.8%
% Correct
Pancho Villa
71.6%
Juana Inés de la Cruz
67.6%
Alberto Fujimori
65.1%
Pablo Neruda
61%
Salvador Allende
54.6%
Rafael Trujillo
51.5%
Luiz Inácio 'Lula' da Silva
50.1%
Túpac Amaru II
48.7%
Rigoberta Menchú
47%
Óscar Romero
46.4%

You're not logged in!

Compare scores with friends on all Sporcle quizzes.
Sign Up with Email
OR
Log In

You Might Also Like...

Show Comments

Extras

Top Quizzes Today


Score Distribution

Your Account Isn't Verified!

In order to create a playlist on Sporcle, you need to verify the email address you used during registration. Go to your Sporcle Settings to finish the process.